La mode du XVe au XVIIIe siécle

Bibliographic Details
Main Author: Sroňková, Oľga (Author)
Format: Book
Language:Undetermined
PhysicalDescription:172 s.
Published: Prague Artia 1959

MARC

LEADER 00000nam a2200000 a 4500
001 vtls001305843
003 SK-MaSNL
005 20260301113827.0
008 240314s1959 xx 0 und
035 |a SNK000258081 
040 |a SNK  |b slo  |c SNK  |e AACR2 
100 1 |a Sroňková, Oľga  |4 aut  |9 456484 
245 1 0 |a La mode du XVe au XVIIIe siécle 
260 |a Prague  |b Artia  |c 1959 
300 |a 172 s. 
999 |c 715939  |d 717869 
952 |t P60, <04>, [BOOK], {604}  |a SNK  |b SNK  |y VYP  |7 0  |p 17A0101874  |o snkIB 10889  |0 0  |1 0  |4 0  |d 1997-10-08  |l 0  |r 2005-01-02 00:00:00  |w 2026-02-23